000 00244nam a2200097Ia 4500
001 1007950
005 20250826230615.0
008 250824s9999 xx 000 0 und d
245 0 _aYANLIŞ ROTA
_cKİMBERLY BELLE
260 _bHEP KİTAP YAYINLARI
999 _c1007950
_d1007950